| 000 | 01168nam a2200265Ia 4500 | ||
|---|---|---|---|
| 003 | OSt | ||
| 005 | 20221005105135.0 | ||
| 006 | a|||||r|||| 00| 0 | ||
| 007 | ta | ||
| 008 | 221004b |||||||| |||| 00| 0 hin d | ||
| 020 |
_a8179750787 (hbk) _c1200 |
||
| 024 | _a88564 | ||
| 037 |
_b457, 25/03/2008, Swaraj Prakashan _cTextual |
||
| 040 |
_aCRL _cCRL _bhin |
||
| 041 |
_2hin _ahin |
||
| 082 | _aV2.P, 152P5 | ||
| 100 | _aबिपन चंद्र | ||
| 245 | 0 | _aआधुनिक भारत में उपनिवेशवाद और राष्ट्रªªªवाद | |
| 246 | _aĀdhunik bhārat mean upaniveshavād aur rāṣhṭraªªªvāda | ||
| 260 |
_aनई दिल्ली _bअनामिका पब्लिशर्स एंड डिस्ट्रªªªीब्यूटर्स भारत _c2005 |
||
| 300 |
_a361पृ0 _ccm. |
||
| 700 |
_a खान ‘शाहिद’, एन. ए., अनु. _9623869 |
||
| 942 |
_hV2.P, 152P5 _cTEXL _2cc |
||
| 999 |
_c1014899 _d1014899 |
||